|
|
|
|
| LEADER |
00917nam a2200217 a 4500 |
| 001 |
GR-MES4327 |
| 008 |
991111s1991 gr 000 0 gre d |
| 040 |
|
|
|a GrPaTEI
|b gre
|c GR-PaULI
|
| 245 |
0 |
0 |
|a Μελισσοκομία.
|
| 260 |
|
|
|a Αθήνα :
|b Ψύχαλου,
|c 1991
|
| 300 |
|
|
|a 432σελ. :
|b εικ.
|
| 650 |
|
4 |
|a Μέλι
|
| 650 |
|
4 |
|a Μέλισσες
|
| 650 |
|
4 |
|a Μελισσοκομία
|
| 700 |
1 |
|
|a Jean-Prost, P.
|
| 710 |
0 |
|
|a Ψύχαλου
|
| 942 |
|
|
|2 ddc
|
| 971 |
|
|
|a .b25753733
|b 16-04-20
|c 13-09-16
|
| 999 |
|
|
|c 155081
|d 155081
|
| 952 |
|
|
|0 0
|1 0
|2 ddc
|4 0
|6 638_100000000000000_JEA
|7 0
|9 268988
|a MSLG
|b MSLG
|c BSC
|d 2021-01-17
|e 24
|f 0
|g 0.00
|l 0
|o 638.1 JEA
|p 2420000005641
|r 2021-01-17
|t 1
|w 2021-01-17
|y BK15
|x 19991111 0 1
|x GrPaTEI
|
| 952 |
|
|
|0 0
|1 0
|2 ddc
|4 0
|6 638_100000000000000_JEA
|7 0
|9 268989
|a MSLG
|b MSLG
|c BSC
|d 2021-01-17
|e 24
|f 0
|g 0.00
|l 0
|o 638.1 JEA
|p 2420000018011
|r 2021-01-17
|t 1
|w 2021-01-17
|y BK15
|x 20000210 0 1
|x GrPaTEI
|